000
00238nam a2200097 a 4500
005
20140414131952.0
008
110207s19uu xx 00 eng d
050
_a
TR 808.882
_b
T22 2004
245
_a
Teacher jokes for kids.
999
_c
112823
_d
112823